选出对跖点不在海上的城市 - Statistics

General Stats
  • This quiz has been taken 2 times
  • The average score is 19 of 27
Answers on the Grid
Answers color-coded by a green-red scale on the quiz's grid according to % correct below.
哈尔滨
长春
乌鲁木齐
沈阳
呼和浩特
北京
天津
大连
银川
石家庄
太原
济南
西宁
青岛
兰州
郑州
西安
南京
合肥
苏州
上海
成都
武汉
杭州
宁波
重庆
拉萨
南昌
长沙
贵阳
福州
昆明
台北
厦门
广州
南宁
高雄
深圳
香港
澳门
海口
 
Answer Stats
Answer % Correct
阿根廷拉潘帕省 石家庄
100%
阿根廷布宜诺斯艾利斯省 济南
100%
阿根廷圣菲省 南京
100%
阿根廷恩特雷里奥斯省 苏州
100%
阿根廷恩特雷里奥斯省 上海
100%
阿根廷拉里奥哈省 武汉
100%
阿根廷褔尔摩沙省 台北
100%
阿根廷胡胡伊省 广州
100%
巴拉圭阿耶斯总统省 高雄
100%
阿根廷胡胡伊省 深圳
100%
阿根廷胡胡伊省 香港
100%
阿根廷胡胡伊省 澳门
100%
智利塔拉帕卡大区 海口
100%
阿根廷内格罗河省 北京
50%
阿根廷布宜诺斯艾利斯省 天津
50%
阿根廷布宜诺斯艾利斯省 青岛
50%
阿根廷圣路易斯省 郑州
50%
智利解放者奥伊金斯将军大区 西安
50%
阿根廷科尔多瓦省 合肥
50%
阿根廷圣菲省 杭州
50%
阿根廷科连特斯省 宁波
50%
阿根廷圣地亚哥-德尔埃斯特罗省 南昌
50%
阿根廷卡塔马卡省 长沙
50%
阿根廷查科省 福州
50%
阿根廷查科省 厦门
50%
阿根廷内格罗河省 呼和浩特
0%
阿根廷拉潘帕省 太原
0%
No matching quizzes found
Score Distribution
Percent of People with Each Score
Percentile by Number Answered
Your Score History
You have not taken this quiz